| 000 | 00576nam a2200241Ia 4500 | ||
|---|---|---|---|
| 008 | 210210b2015 xxu||||| |||| 00| 0 eng d | ||
| 020 | _a9789383717071 | ||
| 041 | _aeng | ||
| 082 | _a305.4K PUSS | ||
| 100 | _aPUSHPA (Ech El) | ||
| 245 | _aStri yendare ashte sake: vichara vimarsha lekhanagalu | ||
| 260 |
_aHosapete _bYaji Prakashana _c2015 |
||
| 300 | _a230 | ||
| 650 | _ayendare | ||
| 650 | _avimarsha | ||
| 650 | _avichara | ||
| 650 | _aStri | ||
| 650 | _asake: | ||
| 650 | _alekhanagalu | ||
| 650 | _aashte | ||
| 690 | _aWomen Studies | ||
| 906 | _a071289 | ||
| 999 |
_c120774 _d120774 |
||